Game of Thrones: Out of Character Quiz Stats

 Plays Quiz Updated Nov 4, 2018

Support Sporcle.
Go Orange.
Score 0/16 Timer 04:00
0 Plays Today
% Correct
Jaime Lannister (Nikolaj Coster-Waldau)
92.6%
Theon Greyjoy (Alfie Allen)
91.6%
Sansa Stark (Sophie Turner)
87.3%
Khal Drogo (Jason Momoa)
85.1%
Daenerys Targaryen (Emilia Clarke)
85.1%
Cersei Lannister (Lena Headey)
82.7%
Brienne of Tarth (Gwendoline Christie)
78.5%
Stannis Baratheon (Stephen Dillane)
77%
% Correct
Hodor (Kristian Nairn)
73%
Robb Stark (Richard Madden)
71.3%
Sandor Clegane (Rory McCann)
70.4%
Robert Baratheon (Mark Addy)
67.7%
Jorah Mormont (Iain Glen)
56.8%
Varys (Conleth Hill)
52.8%
Renly Baratheon (Gethin Anthony)
49.6%
Osha (Natalia Tena)
36.9%

From the Vault

One-Syllable Pro Sports Teams

by CUYanks

Sports 6m
These team names are easiest to shout in a crowded stadium.
Remove Ads.
Support Sporcle.
Get the best of Sporcle when you Go Orange. This ad-free experience offers more features, more stats, and more fun while also helping to support Sporcle. Thank you for becoming a member.

Show Comments

Extras

Top Quizzes Today


Score Distribution

Your Account Isn't Verified!

In order to create a playlist on Sporcle, you need to verify the email address you used during registration. Go to your Sporcle Settings to finish the process.

Report this User

Report this user for behavior that violates our Community Guidelines.

Details: